| 000 | 00497nam a2200133Ia 4500 | ||
|---|---|---|---|
| 008 | 250506s9999 xx 000 0 und d | ||
| 024 | _a17B-003-CE,17B-014-CE,17B-015-CE&17B-028-CE | ||
| 082 | _a004.909072 HAS | ||
| 100 | _aM. Hasnain Shah,Aqib Javed, Zaryab Ansari & Maham Fatima | ||
| 245 | 0 | _aSmart Health Care Monitoring System based on IoT using Flutter App Development | |
| 260 |
_aKarachi: _bUIT, _c2017 |
||
| 600 | _aComputer System Engineering | ||
| 650 | _aBachelor of Engineering (BE) | ||
| 999 |
_c28975 _d28975 |
||